000 00377nam a2200133Ia 4500
008 210210b1989 xxu||||| |||| 00| 0 eng d
082 _a025.42 RANC
100 _aRANGANATHAN (S R).
245 _aClassification and communication.
260 _aBangalore
_bSarada Ranganathan Endowment for Library Science
_c1989
300 _a291
690 _aLibrary Science
906 _a043961
999 _c93489
_d93489